Foundations for microstrip circuit design / (Record no. 175615)
[ view plain ]
| 000 -LEADER | |
|---|---|
| fixed length control field | 01284 a2200229 4500 |
| 003 - CONTROL NUMBER IDENTIFIER | |
| control field | Nust |
| 005 - DATE AND TIME OF LATEST TRANSACTION | |
| control field | 20230830081559.0 |
| 010 ## - LIBRARY OF CONGRESS CONTROL NUMBER | |
| LC control number | 91013815 |
| 020 ## - INTERNATIONAL STANDARD BOOK NUMBER | |
| Terms of availability | 0471930628 : |
| 040 ## - CATALOGING SOURCE | |
| Transcribing agency | Nust |
| 082 00 - DEWEY DECIMAL CLASSIFICATION NUMBER | |
| Classification number | 621.38132,EDW |
| 100 1# - MAIN ENTRY--PERSONAL NAME | |
| Personal name | Edwards, T. C. |
| 9 (RLIN) | 96975 |
| 245 10 - TITLE STATEMENT | |
| Title | Foundations for microstrip circuit design / |
| Statement of responsibility, etc. | Terry Edwards. |
| 250 ## - EDITION STATEMENT | |
| Edition statement | 2nd ed. |
| 260 ## - PUBLICATION, DISTRIBUTION, ETC. | |
| Place of publication, distribution, etc. | Chichester, West Sussex, England ; |
| -- | New York : |
| Name of publisher, distributor, etc. | Wiley, |
| Date of publication, distribution, etc. | 1991. |
| 300 ## - PHYSICAL DESCRIPTION | |
| Extent | xii, 414 p. : |
| Other physical details | ill. ; |
| Dimensions | 24 cm. |
| 505 ## - FORMATTED CONTENTS NOTE | |
| Formatted contents note | A Basic Review of TEM-mode Transmission Line Theory (Page-1), Transmission Line Options for Microwave Integrated Circuits (page-17),Static-TEM Parameters and Design at Lower Frequencies (Page-41), Behaviors and Design at High Frequencies (Page-77), Discontinuities in Micro strip (Page-127), Parallel-Coupled micro strip Lines and Directional Couples (Page-173), Power Capabilities, Transition and measurement Tech (Page-229), Passive MICs (Page-267), Active MICs and MMICs (Page-313), Micro strip Antennas (Page-353). |
| 650 #0 - SUBJECT ADDED ENTRY--TOPICAL TERM | |
| Topical term or geographic name entry element | Telecommunication Engineering. |
| 856 42 - ELECTRONIC LOCATION AND ACCESS | |
| Materials specified | Publisher description |
| Uniform Resource Identifier | <a href="http://www.loc.gov/catdir/enhancements/fy0607/91013815-d.html">http://www.loc.gov/catdir/enhancements/fy0607/91013815-d.html</a> |
| 856 42 - ELECTRONIC LOCATION AND ACCESS | |
| Materials specified | Table of contents only |
| Uniform Resource Identifier | <a href="http://www.loc.gov/catdir/enhancements/fy0607/91013815-t.html">http://www.loc.gov/catdir/enhancements/fy0607/91013815-t.html</a> |
| 942 ## - ADDED ENTRY ELEMENTS (KOHA) | |
| Koha item type | Reference |
| Source of classification or shelving scheme | |
| Withdrawn status | Lost status | Source of classification or shelving scheme | Damaged status | Not for loan | Permanent Location | Current Location | Shelving location | Date acquired | Full call number | Barcode | Date last seen | Price effective from | Koha item type | Public note |
|---|---|---|---|---|---|---|---|---|---|---|---|---|---|---|
| Military College of Signals (MCS) | Military College of Signals (MCS) | Reference | 12/12/2016 | 621.38132,EDW | MCS5617 | 12/08/2016 | 12/12/2016 | Reference | Almirah No.21, Shelf No.3 |
